| 000 | 00988nas a2200337 4500 | ||
|---|---|---|---|
| 001 | BR0202318 | ||
| 003 | BR-BrBNA | ||
| 005 | 20231205102932.0 | ||
| 007 | ta | ||
| 008 | 230509b bl.|||p| |||| 00| 00por d | ||
| 040 |
_aBR-BrBNA _bpor _cBiblioteca Nacional de Agricultura |
||
| 041 | _a(Pt) | ||
| 072 | _aL72; L73 | ||
| 100 | 1 | _aJesus, L.P. de | |
| 100 | 1 | _aMüller, G. | |
| 245 | 1 | _aHelmintos parasitos do estômago de suínos na região de Pelotas, RS | |
| 650 | _aSUÍNO | ||
| 650 | _aHELMINTO | ||
| 650 | _aNEMATÓIDE | ||
| 650 | _aPARASITO DE ANIMAL | ||
| 650 | _aHIGIÊNE VETERINÁRIA | ||
| 650 | _aESTÔMAGO | ||
| 650 | _aMANEJO | ||
| 650 | _aCONTROLE INTEGRADO | ||
| 650 | _aCRIAÇÃO INTENSIVA | ||
| 650 | _aCRIAÇÃO EXTENSIVA | ||
| 650 | _aRIO GRANDE DO SUL | ||
| 773 | 0 |
_tRevista Brasileira de Agrociência (Brazil) _xISSN 0104-8996 _g(May-Aug 2000), v. 6(2) p. 181-187 _wBR0202318 |
|
| 909 |
_a202311 _bLúcia _c55 _dLúcia Elande |
||
| 942 |
_2AGRIS _n0 _cANA |
||
| 999 |
_c170156 _d170156 |
||